All 50k+ Urban Areas in the United States on a Map - Statistics

General Stats
  • This quiz has been taken 172 times
    171 since last reset
  • The average score is 259 of 499
Answers on the Map
Answers color-coded by a green-red scale on the quiz's map according to % correct below.
 
Answer Stats
State(s) Population Urban Area % Correct
OR/WA 2,104,238 Portland
95%
ME 205,356 Portland
95%
TX 5,853,575 Houston
94%
CA 12,237,376 Los Angeles / Long Beach / Anaheim
94%
NY/NJ 19,426,449 New York / Jersey City / Newark
94%
WA 3,544,011 Seattle / Tacoma
94%
IL/IN 8,671,746 Chicago
93%
TX 5,732,354 Dallas / Fort Worth / Arlington
93%
NV 2,196,623 Las Vegas / Henderson / Paradise
93%
FL 6,077,522 Miami / Fort Lauderdale
93%
CA 3,070,300 San Diego
93%
CA 3,269,385 San Francisco / Oakland
93%
AZ 3,976,313 Phoenix / Mesa / Scottsdale
92%
CO 2,686,147 Denver / Aurora
91%
HI 853,252 Honolulu
91%
IN 1,699,881 Indianapolis
91%
MS 347,693 Jackson
91%
MI 84,307 Jackson
91%
TN 72,809 Jackson
91%
MN 2,914,866 Minneapolis / St. Paul
91%
UT 1,178,533 Salt Lake City
91%
FL 2,783,045 Tampa / St. Petersburg
91%
OH 1,567,254 Columbus
90%
MI 3,776,890 Detroit
90%
MO/KS 1,674,218 Kansas City
90%
FL 1,853,896 Orlando
90%
DC/VA/MD 5,174,759 Washington / Arlington
90%
GA 4,999,259 Atlanta
89%
TX 1,809,888 Austin
89%
ID 433,180 Boise City
89%
MA/NH 4,382,009 Boston
89%
OH 1,712,178 Cleveland
89%
GA/AL 267,746 Columbus
89%
IN 60,982 Columbus
89%
TX/NM 854,584 El Paso
89%
FL 1,247,374 Jacksonville
89%
NC 111,224 Jacksonville
89%
CO 96,485 Lafayette / Erie / Louisville
89%
WI 1,306,795 Milwaukee
89%
TN 1,158,642 Nashville / Davidson County
89%
LA 914,531 New Orleans
89%
OK 982,276 Oklahoma City
89%
PA/NJ/DE/MD 5,696,125 Philadelphia / Pottstown
89%
CA 1,946,618 Sacramento
89%
CA 1,837,446 San Jose
89%
MO/IL 2,156,323 St. Louis
89%
OH/KY 1,686,744 Cincinnati
88%
TN 73,918 Cleveland
88%
TN/MS/AR 1,056,190 Memphis
88%
TX 1,992,689 San Antonio
88%
MD 2,212,038 Baltimore
87%
NV/CA 446,529 Reno
87%
NC/SC 1,379,873 Charlotte
86%
NH/ME 72,391 Dover / Rochester
86%
PA 1,745,039 Pittsburgh
86%
MA/CT 442,145 Springfield
86%
IL 159,265 Springfield
86%
GA 85,960 Albany
85%
OR 62,074 Albany
85%
NY 593,142 Albany / Schenectady
85%
NM 769,837 Albuquerque
85%
AL 249,252 Anchorage
85%
AL 774,956 Birmingham
85%
NY 948,864 Buffalo
85%
SC 684,773 Charleston
85%
WV 140,958 Charleston
85%
CO 632,494 Colorado Springs
85%
MO 141,831 Columbia
85%
RI/MA 1,285,806 Providence
85%
VA 1,059,150 Richmond
85%
WA 447,279 Spokane
85%
MO 282,651 Springfield
85%
OH 82,369 Springfield
85%
AZ 875,441 Tucson
85%
SC 590,407 Columbia
84%
NE/IA 819,508 Omaha
84%
MN 121,587 Rochester
84%
OK 722,810 Tulsa
84%
VA 1,451,578 Virginia Beach / Norfolk
84%
IA 542,486 Des Moines
83%
KY/IN 974,397 Louisville / Jefferson County
83%
WI 450,305 Madison
83%
NC 1,106,646 Raleigh
83%
CA 2,276,703 Riverside / San Bernardino
83%
NY 704,327 Rochester
83%
FL 252,934 Tallahassee
83%
LA 631,326 Baton Rouge
82%
CA 717,589 Fresno
82%
CA 570,235 Bakersfield
81%
OH 674,046 Dayton
81%
OH/MI 497,952 Toledo
81%
NC 420,924 Winston-Salem
81%
MI 61,888 Benton Harbor / Lincoln / St. Joseph
80%
MI 605,666 Grand Rapids
80%
CT 977,158 Hartford
80%
AR 461,864 Little Rock
80%
OR 268,331 Salem
80%
SD 194,283 Sioux Falls
80%
KS 500,231 Wichita
80%
OH 541,879 Akron
79%
GA/SC 431,480 Augusta / Richmond County
79%
ND/MN 216,214 Fargo
79%
NE 291,217 Lincoln
79%
UT 588,609 Provo / Orem
79%
AK 71,396 Fairbanks / Eielson AFB
78%
AL 321,907 Mobile
78%
NM 94,241 Santa Fe
78%
WY 79,250 Cheyenne
77%
WI 224,156 Green Bay
77%
TN 597,257 Knoxville
77%
CT 561,456 New Haven
77%
NY 413,660 Syracuse
77%
MT 128,787 Billings
76%
PA 187,820 Erie
76%
OR 270,179 Eugene
76%
IN 157,100 Lafayette
76%
TX 779,553 McAllen
76%
AL 254,348 Montgomery
76%
GA 309,466 Savannah
76%
KS 148,956 Topeka
76%
TX 205,860 Amarillo
75%
TX 216,444 Brownsville
75%
TX 339,066 Corpus Christi
75%
LA 227,316 Lafayette
75%
KY 315,631 Lexington-Fayette
75%
TN/GA 398,569 Chattanooga
74%
WA 208,157 Olympia / Lacey
74%
ND 98,198 Bismarck
73%
CT/NY 916,408 Bridgeport / Stamford
73%
NV 61,629 Carson City
73%
TX 272,280 Lubbock
73%
AR/MO 373,687 Fayetteville / Springdale / Rogers
72%
MI 298,964 Flint
72%
IN 335,934 Fort Wayne
72%
PA 490,859 Harrisburg
72%
MT 52,380 Helena
72%
MI 318,300 Lansing
72%
TX 251,462 Laredo
72%
NH 163,289 Manchester
72%
LA 288,052 Shreveport
72%
CA 414,847 Stockton
72%
VT 118,032 Burlington
71%
NC 338,928 Greensboro
71%
MA/CT 482,085 Worcester
71%
NC 145,311 Burlington
70%
DE 123,101 Dover
70%
MN/WI 119,411 Duluth
70%
NC 325,008 Fayetteville
70%
AL 329,066 Huntsville
70%
UT 608,857 Ogden / Layton
70%
TX 192,844 Waco
70%
TX 97,039 Wichita Falls
70%
NC 396,118 Durham
69%
PA/NJ 621,703 Allentown / Bethlehem
68%
MI 317,689 Ann Arbor
68%
FL 599,242 Cape Coral
68%
IA/NE/SD 113,066 Sioux City
68%
CO 120,828 Boulder
67%
AZ 79,842 Flagstaff
67%
NJ 370,422 Trenton / Twin Rivers / Hightstown
67%
NC 255,329 Wilmington
67%
GA 143,213 Athens / Clarke County
66%
IA 192,844 Cedar Rapids
66%
CA 538,583 Concord / Walnut Creek
66%
CA 376,117 Oxnard / San Buenaventura
66%
NC 278,612 Concord
65%
CO 326,332 Fort Collins
65%
TX 141,997 Midland
65%
MI 52,340 Midland
65%
NJ 294,921 Atlantic City / Ocean City / Villas
64%
SC 387,271 Greenville
64%
NC 120,150 Greenville
64%
FL/AL 390,172 Pensacola
64%
CA 202,197 Santa Barbara
64%
OR 106,988 Bend
63%
IN 206,855 Evansville
63%
GA 265,218 Gainesville
63%
FL 213,748 Gainesville
63%
MS 236,344 Gulfport / Biloxi
63%
NM 139,338 Las Cruces
63%
GA 140,111 Macon
63%
CA 357,301 Modesto
63%
TX 154,818 Odessa
63%
CA 359,559 Palmdale / Lancaster
63%
PA 366,713 Scranton
63%
IN/MI 278,921 South Bend
63%
PA 394,530 Lancaster / Manheim
62%
IL 259,781 Peoria
62%
FL 779,075 Bradenton / Sarasota / Venice
61%
FL 510,675 Palm Bay / Melbourne
61%
NC 285,776 Asheville
60%
FL 402,126 Daytona Beach / Palm Coast / Port Orange
60%
MT 88,109 Missoula
60%
WY 67,751 Casper
59%
TX 206,137 College Station / Bryan
59%
WV/KY/OH 200,157 Huntington
59%
ID 105,132 Idaho Falls
59%
IA 126,810 Iowa City
59%
MO 50,775 Jefferson City
59%
SD 85,679 Rapid City
59%
AL 156,450 Tuscaloosa
59%
OH 320,901 Youngstown
59%
IA/IL 285,211 Davenport
58%
FL 437,745 Port St. Lucie
58%
VA 217,312 Roanoke
58%
AZ/CA 135,717 Yuma
58%
CA 297,329 Santa Rosa
57%
UT 134,109 St. George
57%
MT 59,080 Bozeman
56%
CA 120,602 Redding
56%
ME 61,539 Bangor
55%
TX 191,863 Galveston / Texas City
55%
CA 361,075 Indio / Palm Desert / Palm Springs
54%
WI 125,865 Kenosha
54%
TX 504,803 McKinney / Frisco
54%
SC/NC 298,954 Myrtle Beach / North Myrtle Beach
54%
FL 162,060 Panama City / Panama City Beach
54%
IL 276,443 Rockford
54%
NY 119,059 Utica
54%
LA 78,305 Alexandria
53%
FL 418,404 Kissimmee / St. Cloud
53%
WV 77,620 Morgantown
53%
ID 177,561 Nampa
53%
ID 121,831 Coeur d'Alene
52%
NY 59,102 Ithaca
52%
MI 204,562 Kalamazoo
52%
TN 177,313 Murfreesboro
52%
PA 276,278 Reading
52%
TX 146,649 Beaumont
51%
IL 134,100 Bloomington / Normal
51%
OH 295,319 Canton
51%
TN/KY 200,947 Clarksville
51%
TX 429,461 Denton / Lewisville
51%
NH/MA 242,984 Nashua
51%
IN 110,103 Bloomington
50%
IL 147,452 Champaign
50%
ND/MN 68,160 Grand Forks
50%
CO 135,973 Grand Junction
50%
TX 257,222 Killeen
50%
LA 162,501 Lake Charles
50%
FL 277,915 Lakeland
50%
OH 81,223 Newark
50%
ID 72,211 Pocatello
50%
CO 120,642 Pueblo
50%
TX/AR 78,744 Texarkana
50%
WA 133,145 Yakima
50%
WI 230,967 Appleton
49%
TX 131,028 Tyler
49%
TX 118,138 Abilene
48%
KY 97,814 Bowling Green
48%
VA 104,191 Charlottesville
48%
WI 105,475 Eau Claire
48%
MD 176,456 Frederick
48%
CA 169,038 Santa Cruz
48%
MT 67,097 Great Falls
47%
VA 125,596 Lynchburg
47%
NY 314,766 Poughkeepsie / Newburgh
47%
CA 123,495 Seaside / Monterey / Pacific Grove
47%
AL 100,842 Auburn
46%
WA 128,979 Bellingham
46%
CA 84,619 Napa
46%
OK 120,191 Norman
46%
FL 182,647 Ocala
46%
CA 278,031 Santa Clarita
46%
SC 196,943 Spartanburg
46%
WA/OR 50,013 Walla Walla
46%
PA 238,549 York
46%
NY 155,942 Binghamton
45%
AR/OK 125,811 Fort Smith
45%
AZ 59,017 Lake Havasu City
45%
MA 155,491 New Bedford
45%
NH/ME 95,090 Portsmouth / Kennebunk
45%
CA 143,609 Santa Maria
45%
ID 58,808 Twin Falls
45%
CT 199,317 Waterbury
45%
VA 72,400 Blacksburg / Christiansburg
44%
CA 111,411 Chico
44%
WA 255,401 Kennewick / Richland / Pasco
44%
MI 57,260 Monroe
44%
MN 117,638 St. Cloud
44%
ME 60,743 Lewiston
43%
ID/WA 54,798 Lewiston
43%
OR 171,640 Medford
43%
LA 119,964 Monroe
43%
CA 177,532 Salinas
43%
CA 56,904 San Luis Obispo
43%
CA 160,578 Visalia
43%
NC 167,830 High Point
42%
CT 167,432 Norwich / New London
42%
MI 116,058 Saginaw
42%
SC 89,436 Florence
41%
AL 78,925 Florence
41%
TN 128,519 Johnson City
41%
AR 73,781 Jonesboro
41%
KS 60,454 Manhattan
41%
ND 50,925 Minot
41%
WI 134,877 Racine
41%
GA 60,403 Rome
41%
MD/DE 78,075 Salisbury
41%
WV/OH 57,695 Wheeling
41%
MI 68,472 Bay City
40%
TN/VA 70,638 Bristol
40%
CA 355,816 Victorville / Hesperia / Apple Valley
40%
IA 66,342 Ames
39%
AL 60,458 Decatur
39%
AL 72,423 Dothan
39%
IA/IL 70,332 Dubuque
39%
UT 113,927 Logan
39%
AZ 419,946 Phoenix West / Goodyear / Avondale
39%
CA 528,991 Temecula / Murrieta / Menifee
39%
CA 213,986 Thousand Oaks
39%
PA 74,426 Altoona
38%
IL 86,287 Decatur
38%
KS 94,998 Lawrence
38%
PA 83,674 State College
38%
MI 56,890 Traverse City / Garfield
38%
SC 118,369 Anderson / Clemson
37%
MI 75,513 Battle Creek
37%
SC 71,824 Bluffton East / Hilton Head Island
37%
OR 66,791 Corvallis
37%
CT/NY 171,680 Danbury
37%
NM 51,763 Farmington
37%
CO 137,222 Greeley
37%
MS 80,821 Hattiesburg
37%
WI/MN 98,872 La Crosse
37%
TX 107,099 Longview
37%
WA/OR 69,841 Longview
37%
IN 84,382 Muncie
37%
WI 76,190 Oshkosh
37%
TX 99,982 San Angelo
37%
MO/KS 77,187 St. Joseph
37%
GA 76,769 Valdosta
37%
TX 65,986 Victoria
37%
VA 89,585 Williamsburg
37%
MA 303,269 Barnstable Town
36%
VA 167,679 Fredericksburg
36%
NC 176,897 Gastonia
36%
VA 73,377 Harrisonburg
36%
MO 86,679 Joplin
36%
KY 76,433 Owensboro
36%
OH 61,743 Sandusky / Port Clinton
36%
IN 79,862 Terre Haute
36%
AZ 92,427 Prescott / Prescott Valley
35%
CA 175,132 Vallejo
35%
IA 114,139 Waterloo
35%
NE 55,099 Grand Island
34%
OH 68,630 Lima
34%
WV/OH 62,500 Parkersburg
34%
TX 116,819 Port Arthur
34%
FL 91,786 St. Augustine
34%
NY 51,832 Watertown
34%
VA 83,377 Winchester
34%
IN 79,517 Anderson
33%
CA 326,205 Antioch
33%
MD 214,647 Bel Air / Aberdeen
33%
MO/IL 55,546 Cape Girardeau
33%
CA 77,034 Davis
33%
IN/MI 148,199 Elkhart
33%
NY 62,468 Elmira
33%
CA 150,052 Merced
33%
MI 166,414 Muskegon / Norton Shores
33%
GA 141,132 Warner Robins
33%
AK 53,444 Wasilla / Knik-Fairview / North Lakes
33%
WI 77,429 Wausau
33%
MA 90,570 Amherst Town / Northampton / Easthampton Town
32%
MD/WV/PA/VA 197,557 Hagerstown
32%
LA 72,526 Hammond
32%
OK 87,464 Lawton
32%
KY/IL 50,833 Paducah
32%
NY 75,684 Saratoga Springs
32%
CA 127,364 Simi Valley
32%
GA 68,750 Brunswick / St. Simons
31%
AR 66,619 Conway
31%
AR 59,133 Hot Springs
31%
TN/VA 98,411 Kingsport
31%
OH 199,067 Lorain / Elyria
31%
TX 70,801 San Marcos
31%
WI 74,369 Sheboygan
31%
CA 125,706 Yuba City
31%
AL 78,302 Anniston / Oxford
30%
WA 224,449 Bremerton
30%
OK 50,194 Enid
30%
CA 240,381 Livermore / Pleasanton / Dublin
30%
IN/MI 71,367 Michigan City / La Porte
30%
FL 226,213 Navarre / Miramar Beach / Destin / Fort Walton Beach
30%
CA 150,122 Fairfield
29%
NC 201,511 Hickory
29%
LA 145,482 Houma
29%
WI 72,285 Janesville
29%
CA 646,843 Mission Viejo / Lake Forest / Laguna Niguel
29%
TX 100,736 New Braunfels
29%
MA 50,720 Pittsfield
29%
SC 218,443 Rock Hill
29%
NC 63,297 Rocky Mount
29%
VA 59,065 Staunton / Waynesboro
29%
TX 114,632 Temple
29%
CA 74,376 El Centro
28%
OR 55,724 Grants Pass
28%
IN 62,576 Kokomo
28%
MO 91,960 Lee's Summit
28%
WA 66,825 Mount Vernon
28%
OH/WV/PA 64,981 Steubenville / Weirton
28%
TX 402,454 The Woodlands / Conroe
28%
CA 101,027 Vacaville
28%
NJ 87,226 Vineland
28%
MD 118,601 Waldorf / St. Charles
28%
PA 55,344 Williamsport
28%
WI 54,731 Fond du Lac
27%
MN 60,206 Mankato
27%
AZ 57,771 Maricopa
27%
WA 160,440 Marysville
27%
FL 161,736 The Villages / Lady Lake
27%
WV 57,468 Beckley
26%
AZ/NV 54,396 Bullhead City
26%
FL 210,712 Deltona
26%
MI 107,034 Holland
26%
NY 50,254 Kingston
26%
MI 82,226 Port Huron
26%
CA 246,548 San Rafael / Novato
26%
TX 66,691 Sherman / Denison
26%
WA 78,142 Wenatchee / Cashmere
26%
PA 61,521 Johnstown
25%
OH 73,545 Mansfield
25%
FL 199,998 Port Charlotte / North Port
25%
LA 91,587 Slidell
25%
WI/IL 63,073 Beloit
24%
KY 76,441 Elizabethtown / Radcliff
24%
NY 71,191 Glens Falls
24%
TX 118,838 Harlingen
24%
IL 66,530 Kankakee
24%
CA 81,635 Madera
24%
OH 93,608 Middletown
24%
NY 61,516 Middletown
24%
AZ 54,274 Sierra Vista
24%
FL 253,251 Winter Haven
24%
SC 52,515 Beaufort / Port Royal
23%
GA 67,830 Dalton
23%
TX 54,083 Eagle Pass
23%
AL 76,807 Fairhope / Daphne
23%
CA 114,833 Gilroy / Morgan Hill
23%
PA 75,485 Lebanon
23%
CO 100,776 Longmont
23%
CA 65,227 Petaluma
23%
CA 120,912 Tracy / Mountain House
23%
CO 85,350 Castle Rock
22%
HI 57,905 Kahului / Wailuku
22%
FL 151,523 Leesburg / Eustis / Tavares
22%
CA 73,090 Lodi
22%
SC 68,825 Sumter
22%
FL 62,459 Titusville
22%
CA 70,628 Tulare
22%
CA 61,133 Woodland
22%
AL 57,975 Gadsden
21%
CA 66,638 Hanford
21%
HI 118,092 Kailua / Kaneohe
21%
IN 51,867 Valparaiso / Shorewood Forest
21%
FL 174,292 Vero Beach / Sebastian
21%
AZ 50,981 Casa Grande
20%
NC 54,456 Goldsboro
20%
MA 111,790 Leominster / Fitchburg
20%
MD 62,352 Lexington Park / California / Chesapeake Ranch Estates
20%
LA 113,763 Mandeville / Covington
20%
FL 63,297 Sebring / Avon Park
20%
FL 425,675 Bonita Springs / Estero
19%
MS 51,454 Pascagoula / Gautier
19%
IL 79,260 Alton
18%
PA 50,094 Chambersburg
18%
PA 56,712 Hanover
18%
CA 173,194 Hemet
18%
GA 53,107 Hinesville
18%
FL 169,050 Spring Hill / Brooksville
18%
NM 53,365 Los Lunas
17%
TN 66,539 Morristown / White Pine
17%
CA 79,203 Turlock
17%
CA 68,668 Watsonville
17%
FL 96,729 Beverly Hills / Homosassa Springs / Pine Ridge
16%
FL 50,805 Fernandina Beach / Yulee
16%
NY 71,582 Kiryas Joel
16%
CA 50,885 Arroyo Grande / Grover Beach / Pismo Beach
15%
CA 76,338 Camarillo
15%
IL 64,736 DeKalb
15%
PA 50,860 Hazleton
15%
CA 86,674 Manteca
15%
SC 159,506 Mauldin / Simpsonville
15%
CA 69,862 Porterville
15%
IL/WI 261,835 Round Lake Beach / McHenry / Grayslake
15%
TN 60,309 Spring Hill
15%
GA 52,351 Cartersville
14%
NY 51,120 Riverhead / Southold
14%
TX 56,054 Lake Jackson
13%
CA 54,287 Lompoc
13%
MI 145,963 South Lyon / Hamburg / Genoa
13%
NC 51,898 Clayton / Archer Lodge
12%
CA 67,804 El Paso de Robles / Atascadero
12%
FL 55,133 Zephyrhills
12%
NC 50,319 Pinehurst / Southern Pines
11%
GA 50,189 Winder
9%
FL 53,267 Poinciana
8%
FL 92,396 Four Corners
7%
No matching quizzes found
Score Distribution
Percent of People with Each Score
Percentile by Number Answered
Your Score History
You have not taken this quiz since the last reset